Las horas perdidas / (Record no. 138121)

MARC details
000 -LEADER
campo de control de longitud fija 00487nam a2200157 4500
001 - NÚMERO DE CONTROL
campo de control 138121
003 - IDENTIFICADOR DE NÚMERO DE CONTROL
campo de control ES-MaACL
005 - FECHA Y HORA DE LA ÚLTIMA TRANSACCIÓN
campo de control 20230906195516.0
007 - CAMPO FIJO DE DESCRIPCIÓN FÍSICA--INFORMACIÓN GENERAL
campo de control de longitud fija t|
008 - DATOS DE LONGITUD FIJA--INFORMACIÓN GENERAL
campo de control de longitud fija 070214s1969 sp r ||||1| spa d
100 1# - ENTRADA PRINCIPAL--NOMBRE DE PERSONA
Nombre de persona Sánchez Pinto, Vicente.
9 (RLIN) 102854
245 14 - MENCIÓN DEL TÍTULO
Título Las horas perdidas /
Mención de responsabilidad, etc. Vicente Sánchez Pinto.
260 ## - PUBLICACIÓN, DISTRIBUCIÓN, ETC.
Lugar de publicación, distribución, etc. Avila :
Nombre del editor, distribuidor, etc. Institución Gran Duque de Alba,
Fecha de publicación, distribución, etc. 1969 (
Fabricante Imp. del Diario de Avila)
300 ## - DESCRIPCIÓN FÍSICA
Extensión 80 p., 1 lám. ;
Dimensiones 14 cm.
852 ## - LOCALIZACIÓN
Ubicación ES-MaACL
Número de control de estantería C-51279
Sublocalización o colección R.71869
Holdings
Estatus retirado Estado de pérdida Estado de daño No para préstamo Biblioteca de origen Biblioteca actual Ubicación en estantería Fecha de adquisición Fuente de adquisición Total de préstamos Signatura topográfica completa Código de barras Visto por última vez Precio de reemplazo Tipo de ítem Koha
        Biblioteca del Ateneo de Madrid Biblioteca del Ateneo de Madrid Depósito 2 17/01/2008     C-51279 1143726 23/02/2023 23/02/2023 Libro impreso